000 00295nam a2200109Ia 4500
008 200302s9999 xx 000 0 und d
100 _aRobin Guild
245 _aThe Finishing Touch Making Most of the Things You own
260 _bMitchell Beazley Marketing Ltd.
260 _c1979
300 _a263 P.,
999 _c259
_d259